36 tiết về tài chính cho nhà quản lý

Sparad:
Bibliografiska uppgifter
Huvudupphovsman: Ngô, Mạnh Hùng
Materialtyp: Bok
Språk:Undetermined
Publicerad: Hà Nội Thống kê 1998
Ämnen:
Taggar: Lägg till en tagg
Inga taggar, Lägg till första taggen!
Thư viện lưu trữ: Trung tâm Học liệu Trường Đại học Cần Thơ
LEADER 00526nam a2200193Ia 4500
001 CTU_50990
008 210402s9999 xx 000 0 und d
020 |c 27500 
082 |a 332 
082 |b H513 
100 |a Ngô, Mạnh Hùng 
245 0 |a 36 tiết về tài chính cho nhà quản lý 
245 0 |c Ngô Mạnh Hùng 
260 |a Hà Nội 
260 |b Thống kê 
260 |c 1998 
650 |a Finance 
904 |i Bạch Trúc 
980 |a Trung tâm Học liệu Trường Đại học Cần Thơ